000 00529nam a22001817a 4500
005 20251108170926.0
008 250721s9999 xx 000 0 ara d
082 1 4 _a618.2/سهي
100 1 _aيحيى، سهير
245 1 0 _aالعناية بالحامل بدنيا و نفسيا /
264 1 _aالقاهرة :
_bالمركز العربي الحديث،
_c[19-].
300 _a166ص
650 1 7 _aالولادة
650 1 7 _aالحمل
700 1 _aقرني، محمد علي
942 _2ddc
_cBK
999 _c52289
_d52289